logo

Bir Sreshtho Munshi Abdur Rouf Library
Jhenaidah Cadet College

General chemistry / (Record no. 8328)

MARC details
000 -LEADER
fixed length control field 00649cam a2200253 a 4500
001 - CONTROL NUMBER
JCCL Control Number 8328
003 - CONTROL NUMBER IDENTIFIER
JCCL marc code BD-JhCC
005 - DATE AND TIME OF LATEST TRANSACTION
control field 20180711095213.0
008 - FIXED-LENGTH DATA ELEMENTS--GENERAL INFORMATION
fixed length control field 030106s2004 caua 001 0 eng
035 ## - SYSTEM CONTROL NUMBER
system control number (BD-JhCC)8328
040 ## - CATALOGING SOURCE
Original cataloging agency DLC
Transcribing agency DLC
Modifying agency DLC
-- BD-JhCC
041 ## - LANGUAGE CODE
Language code of Book eng
050 00 - LIBRARY OF CONGRESS CALL NUMBER
Classification number QD31.3
Item number .W53 2004
082 00 - DEWEY DECIMAL CLASSIFICATION NUMBER
Classification number 540
DDC Edition number 22
Author mark and Year SEL 1954
100 ## - MAIN ENTRY--PERSONAL NAME
Personal name Selwood, P. W.
245 00 - TITLE STATEMENT
Title General chemistry /
Statement of responsibility, etc P. W. Selwood
250 ## - EDITION STATEMENT
Edition statement 7th ed. /
260 ## - PUBLICATION, DISTRIBUTION, ETC. (IMPRINT)
Place of publication, distribution, etc New York :
Name of publisher, distributor, etc Henry Holt and Company,
Date of publication, distribution, etc 1954.
300 ## - PHYSICAL DESCRIPTION
Pagination 657
Other physical details ill. ;
Dimensions 23 cm
500 ## - GENERAL NOTE
General note Includes index.
650 #0 - SUBJECT ADDED ENTRY--TOPICAL TERM
Topical term or geographic name as entry element Chemistry
Form subdivision Textbooks.
942 ## - ADDED ENTRY ELEMENTS (KOHA)
Source of classification or shelving scheme Dewey Decimal Classification
Koha item type Books
Holdings
Source of classification or shelving scheme Damaged status Not for loan Home library Current library Shelving location Total Checkouts Full call number Barcode Date last seen Copy number Koha item type
Dewey Decimal Classification     JCC Rouf Library JCC Rouf Library General Stacks   540 SEL 1954 10931 02/22/2018 C-1 Books

JCC Library | Contacts | JCC Home

Last Update on 23 September 2017
Copyright @ 2017-2020 JCC Rouf Library
Rouf Library, Jhenidah Cadet College (JCC), Bangladesh